LEADER 01583nam a2200313 i 4500 001 000000332101 003 CaOOAMICUS 005 20250904092329.0 008 190116s20182018it u000 u ita u 013 $a237170 020 $a978-88-6898-191-4 040 $aSeMil$bita 100 1 $aDeiana, Giovanni,$d<1942- >.$0(OLS)http://semarc/name/24321 245 10$aGuida allo studio dell'ebraico biblico /$cGiovanni Deiana, Ambrogio Spreafico ; presentazione J. Alberto Soggin. 250 $a4. Ed. 260 $aTorino :$bClaudiana,$c2018. 300 $a2 v. ;$c24 cm. 490 0 $aStrumenti ;$v76 650 4$aLingua ebraica biblica - Dizionari, glossari, grammatica, sintassi etc.$0(OLS)http://semarc/subject/296 700 1 $aSpreafico, Ambrogio,$d<1950- >.$0(OLS)http://semarc/name/18513 700 1 $aSoggin, J. Alberto,$d<1926-2010>.$0(OLS)http://semarc/name/15106 774 0 $t1: Parte teorica.$dTorino : Claudiana, 2018.$kStrumenti $g1$w()332099 774 0 $t2: Parte pratica.$dTorino : Claudiana, 2018.$kStrumenti $g2$w()332102 785 00$aDeiana, Giovanni <1942- >$tGuida all'approfondimento dell'ebraico biblico.$dTorino : Claudiana, 2025.$kStrumenti $z978-88-6898-392-5$w()364144 830 0$aStrumenti ;$v76.$0(OLS)http://semarc/title/438498 996 $6020$a978-88-6898-191-4$9(OLS)http://semarc/number/286237 996 $6245$aGuida allo studio dell'ebraico biblico$9(OLS)http://semarc/title/420797 996 $6260$aTorino :$bClaudiana$9(OLS)http://semarc/publisher/29837 LEADER 00993nam a2200265 i 4500 001 000000126803 003 CaOOAMICUS 005 20060302000000.0 008 060302s1995 it u000 u eng u 013 $a99511 020 $a92-3-103134-1 040 $aSeMil$bita 100 1 $aValderrama, Fernando.$0(OLS)http://semarc/name/52711 245 12$aA history of Unesco /$cFernando Valderrama. 260 $aParis :$bUnesco,$c1995. 300 $axxvi, 460 p. :$bill. ;$c24 cm. 500 $aContiene : 4 Annexes ; Bibliography. - Fondo Card. C.M. Martini. 650 4$aUNESCO.$0(OLS)http://semarc/subject/24821 850 $aSeMil 852 $aSeMil$W1$xVenegono$y1$m3X IV 87$j213529$B81152$CSeMilBibl$Z2$F109604 $81 941 1 $a4 961 $aOmaggio: Martini Card. Carlo Maria 996 $6020$a92-3-103134-1$9(OLS)http://semarc/number/113062 996 $6245$aA history of Unesco$9(OLS)http://semarc/title/187029 996 $6260$aParis :$bUnesco$9(OLS)http://semarc/publisher/34473